04744nam a22007577a 4500003000900000005001700009008004100026020002200067040002800089041000800117044000700125245039400132260004800526300005700574505001100631505001700642505004700659505001700706505009100723505012400814505014600938505001101084505010801095505014601203505013801349505005701487505002101544505011901565505012201684505014101806505016501947505002002112505017902132505009302311505014402404505008702548505002302635505003602658505048702694650002703181650002303208651002903231700003103260700003403291700003303325700003603358700003203394700003403426700003503460700003503495700003503530700002903565700002903594700003903623700003803662700002403700700002703724856004003751908000803791930001003799942001303809945001503822980004603837999001703883952008603900AR-RoUNA20260612112058.0260612b |||||||| |||| 00| 0 spa d a978-987-749-501-0 aAR-RoUNAbspadAR-RoUNA aspa aag10aArquitectura pública e historia reciente b: Santa Fe, 1989–2022c/ editoras Lucía espinosa y Viviana Bolcatto; Emiliana Balestieri; Facundo Tomás Berdat; Lucía Brumnich; Pablo Ignacio Cocuzza; María Espinoza; María Virginia Fabre; Pablo Ignacio Ferreira; Federico Gigante; Sofía Floriani; Germán Godoy Hernández; Micaela Ayelén Grimaldi; Pamela Mata y Lucía Suarez aSanta Fe (Argentina):bEdiciones UNL,c2025 a173 p.:bCuadros estadísticosbfot. byn.c24x17 cm0 tINDICE0 tPRESENTACION0 aLucía Espinoza y Viviana Bolcatto. p. 110 tARQUITECTURA0 aLucía Espinoza / Definir arquitectura pública. El pliegue contexto-proyecto. p. 170 aGermán Godoy Hernández / El proyecto arquitectónico como accidente del tiempo. El nuevo Hospital Iturraspe. p. 310 aPablo Igancio Ferreira / Los bordes de la arquitectura. Nuevas concepciones de naturaleza para el estudio de la arquitectura pública. p. 410 tCIUDAD0 aFederico Gigante / Fugas visuales. Observar y ser observado en la ciudad contemporanea argentina. p. 590 aMaría Elena del Barco / Cuestionar la ciudad: historia, monumentos, escala y límites. Entre las fotos satelitales y el mapa mental. p. 730 aSofía Floriani y Micaela Grimaldi / Revisión metodológica para abordar la ciudad de Santa Fe con perspectiva de género. p. 790 aFacundo Berdat / Colectivo, facultad, sueño. p. 910 tMODO DE PROYECTO0 aPablo Ignacio Cocuzza / Lo reciente como periodización. Mapa de agencias estatles y programas nacionales. p. 1010 aEmiliana Jésica Balestieri / Modos de proyectos en la arquitectura santafesina. Cartografías proyectuales. p. 1110 aMaría Virginia Fabre / La superficie arquitectónica como escena del poder político. La escuela de trabajo Barranquitas Sur. p. 1270 aLucía Brumnich / La búsqueda de fuentes para el análisis de obras de arquitectura en la actualidad a través de una mirada de formación docente. p. 1350 tCOMUNICACIÓN 0 aPamela Verónica Mata / Nuevas formas de mirar en espacio expandidos. Estrategias de diseño y comunicación en el espacio público desde narrativas audiovisuales. p. 1430 aLucía Suarez / La publiciadad en la obra pública. El acento en los límites. p. 1490 aViviana Bolcatto / Abrir las puertas a un lugar de encierro. Sobre el método de trabajo en el archivo del Hospital Mira y López. p. 1550 tPREGUNTAS DE CIERRE - DEFINIR PARA ENSEÑAR (Lucía Esponiza y Viviana Bolcatto)0 tSOBRE LAS EDITORAS0 tSOBRE LAS AUTORAS Y LOS AUTORES0 aEste libro es el resultado del trabajo colectivo de un conjunto de docentes investigadoras e investigadores de la Facultad de Arquitectura, Diseño y Urbanismo de la Universidad Nacional del Litoral, cuyo objetivo central ha sido reunirse para leer y reflexionar acerca de los tópicos de la arquitectura pública, la historia reciente, las relaciones que establecen entre ambas y el valor que se les asigna en el debate abierto en la Argentina de la tercera década del siglo.  4aArquitectura pública 4aHistoria Argentina 4aSanta Fe (Argentina)962 97618aEspinoza, Luciaeedt1 aBolcatto, Vivianaeedt9277701 aBalestieri, Emiliana 9277711 aBerdat, Facundo Tomás 9277721 aBrumnich, Lucía 9277731 aCocuzza, Pablo Ignacio927774 aDel Barco, Maria Elena.9185081 aFabre, María Virginia9277751 aFerreira, Pablo Ignacio9277761 aGigante, Federico9277771 aFloriani, Sofía9277781 aGodoy Hernández, Germán9277791 aGrimaldi, Micaela Ayelén9277801 aMata, Pamela9277811 aSuarez, Lucía927782 u https://hdl.handle.net/11185/7950  aImp e12335 2udccLIB d2026-06-12 65aMaría Machado8138gCarolina Rainero c12471d12471 00102udc4070aAR-RoUNAbAR-RoUNAcTecd2026-06-12eDonl0p18516tej. 1yLIBx